| 000 | 00987nam a2200265Ia 4500 | ||
|---|---|---|---|
| 003 | OSt | ||
| 005 | 20221005105209.0 | ||
| 006 | a|||||r|||| 00| 0 | ||
| 007 | ta | ||
| 008 | 221004b |||||||| |||| 00| 0 hin d | ||
| 020 |
_a9788179756744 (hbk) _c700 |
||
| 024 | _a26331 | ||
| 037 |
_b19, 17/03/2016, P. K. Books _cTextual |
||
| 040 |
_aCRL _cCRL _bhin |
||
| 041 |
_2hin _ahin |
||
| 082 | _aY:351.2, 152Q5 | ||
| 100 | _aरसाल सिंह, संपा. | ||
| 245 | 0 |
_aहिन्दी का लोक _b कुछ रस, कुछ रंग |
|
| 246 | _aHindī kā loka: kuchh rasa, kuchh ranga | ||
| 260 |
_aनई दिल्ली _bअनामिका पब्लिशर्स भारत _c2015 |
||
| 300 |
_a256पृ0 _ccm. |
||
| 650 | _aभारतीय-लोक साहित्य | ||
| 942 |
_hY:351.2, 152Q5 _cTEXL _2cc |
||
| 999 |
_c1015072 _d1015072 |
||